Bordering Countries Where One Starts With the Last Letter of the Other - Statistics

General Stats
  • This quiz has been taken 774 times
    260 since last reset
  • The average score is 31 of 49
Answer Stats
Continent Answer % Correct
Asia Azerbaijan
96%
Asia Azerbaijan
96%
Asia Azerbaijan
96%
Asia Armenia
92%
Asia Armenia
92%
Asia Georgia
82%
Asia Georgia
82%
Africa Niger
72%
Asia Afghanistan
70%
Africa Algeria
70%
Africa Algeria
70%
Africa Algeria
70%
Africa Angola
68%
Africa Angola
68%
South America Argentina
68%
Europe Austria
68%
Europe Austria
68%
Asia China
68%
Africa Nigeria
68%
Africa Nigeria
68%
South America Bolivia
66%
Africa Chad
64%
Africa Tunisia
64%
Africa Libya
63%
Europe Slovakia
62%
Africa Namibia
61%
Europe Albania
60%
Europe Slovenia
59%
Africa Cameroon
58%
Africa Cameroon
58%
Africa Central African Republic
57%
Africa Central African Republic
57%
Africa Mauritania
56%
Africa Benin
55%
Africa Benin
55%
Africa Zambia
55%
Europe Germany
53%
Europe Norway
53%
Europe Sweden
53%
Europe North Macedonia
52%
Asia Saudi Arabia
52%
Europe Luxembourg
49%
Africa Mali
48%
Asia Israel
44%
Asia Lebanon
43%
Asia United Arab Emirates
43%
Africa Ivory Coast
42%
Africa Mozambique
29%
Africa Eswatini
28%
No matching quizzes found
Score Distribution
Percent of People with Each Score
Percentile by Number Answered
Your Score History
You have not taken this quiz since the last reset